Towards Macroprudential Stress Testing : Incorporating Macro-Feedback Effects /

Macro-feedback effects have been identified as a key missing element for more effective macro-prudential stress testing. To fill this gap, this paper develops a framework that facilitates the analysis of both the direct effects of macroeconomic shocks on the solvency of individual banks and feedback...

ver descrição completa

Detalhes bibliográficos
Autor principal: Krznar, Ivo
Outros Autores: Matheson, Troy
Formato: Periódico
Idioma:English
Publicado em: Washington, D.C. : International Monetary Fund, 2017.
Colecção:IMF Working Papers; Working Paper ; No. 2017/149
Acesso em linha:Full text available on IMF
LEADER 02296cas a2200253 a 4500
001 AALejournalIMF017684
008 230101c9999 xx r poo 0 0eng d
020 |c 5.00 USD 
020 |z 9781484303634 
022 |a 1018-5941 
040 |a BD-DhAAL  |c BD-DhAAL 
100 1 |a Krznar, Ivo. 
245 1 0 |a Towards Macroprudential Stress Testing :   |b Incorporating Macro-Feedback Effects /  |c Ivo Krznar, Troy Matheson. 
264 1 |a Washington, D.C. :  |b International Monetary Fund,  |c 2017. 
300 |a 1 online resource (49 pages) 
490 1 |a IMF Working Papers 
500 |a <strong>Off-Campus Access:</strong> No User ID or Password Required 
500 |a <strong>On-Campus Access:</strong> No User ID or Password Required 
506 |a Electronic access restricted to authorized BRAC University faculty, staff and students 
520 3 |a Macro-feedback effects have been identified as a key missing element for more effective macro-prudential stress testing. To fill this gap, this paper develops a framework that facilitates the analysis of both the direct effects of macroeconomic shocks on the solvency of individual banks and feedback effects that allow for the amplification and propagation of shocks that can result from bank deleveraging and credit crunches. The framework ensures consistency in the key relationships between macroeconomic and financial variables, and banks' balance sheets. This is accomplished by embedding a standard stress-testing framework based on individual banks' data in a semi-structural macroeconomic model. The framework has numerous applications that can strengthen stress testing and macro financial analysis. Moreover, it provides an avenue for many extensions that address the challenges of incorporating other second-round effects important for comprehensive systemic risk analysis, such as interactions between solvency, liquidity and contagion risks. To this end, the paper presents some preliminary simulations of feedback effects arising from the link between the liquidity and solvency risk. 
538 |a Mode of access: Internet 
700 1 |a Matheson, Troy. 
830 0 |a IMF Working Papers; Working Paper ;  |v No. 2017/149 
856 4 0 |z Full text available on IMF  |u http://elibrary.imf.org/view/journals/001/2017/149/001.2017.issue-149-en.xml  |z IMF e-Library